Du lịch và du lịch sinh thái
Αποθηκεύτηκε σε:
| Κύριος συγγραφέας: | |
|---|---|
| Μορφή: | Βιβλίο |
| Γλώσσα: | Vietnamese |
| Έκδοση: |
Lao động
2003
|
| Ετικέτες: |
Προσθήκη ετικέτας
Δεν υπάρχουν, Καταχωρήστε ετικέτα πρώτοι!
|
| Thư viện lưu trữ: | Mạng thư viện Đại học Đà Nẵng |
|---|
| LEADER | 00616nam a2200253 4500 | ||
|---|---|---|---|
| 001 | 000022484 | ||
| 003 | 18932 | ||
| 005 | 20150506100504.0 | ||
| 008 | 150506s2003 viesd | ||
| 020 | |c 21000 | ||
| 041 | 0 | |a vie | |
| 082 | 1 | 4 | |a 910,13306 |b TH-Đ |
| 100 | 1 | |a Thế Đạt | |
| 245 | 1 | 0 | |a Du lịch và du lịch sinh thái |c Thế Đạt |
| 260 | |b Lao động |c 2003 | ||
| 300 | |a tr. |c cm. | ||
| OWN | |a LSP | ||
| 999 | |a From the UDN01 | ||
| TYP | |a Monograph | ||
| TYP | |a Printed language | ||
| 980 | |a Mạng thư viện Đại học Đà Nẵng | ||